000 00988cam a22002417a 4500
005 20160224110349.0
008 970203s1994 fr 000 0 eng
040 _aDLC
_cDLC
_dCO-BoIAVH
041 0 _aeng
044 _afr
082 0 4 _a363.7363
_bD47i
100 1 _aDessus, Sébastien.
245 1 0 _aInput-based pollution estimates for environmental assessment in developing countries /
_cpor Sébastien Dessus, David Roland-Holst y Dominique van der Mensbrugghe.
260 _aParís (Francia) :
_bOrganisation for Economic Co-Operation and Development,
_c1994.
300 _a40 páginas ;
_c30 x 21 cm.
490 0 _aOECD Technical papers ;
_v101
504 _aIncluye referencias bibliográficas (páginas 35-36).
650 6 _aPolución
_zPaíses en desarrollo
_xMedición.
650 6 _aContaminación
_zPaíses en desarrollo
_xMedición.
700 1 _aRoland-Holst, David W.
700 1 _aVan der Mensbrugghe, Dominique
942 _2ddc
_cLIBRO
999 _c1911
_d1911